000 00968nam a2200265 i 4500
001 63466
003 ES-MaACL
005 20240608062959.0
007 t|
008 031210s1901 sp ||||1| spa d
040 _cES-MaACL
080 _a821.134.2-14"18"
100 1 _aFerrer y Lalana, M.,
_950511
_d1861-
_eaut
245 1 3 _aEl gran visionario /
_cM. Ferrer y Lalana ; prólogo de Francisco Pi y Margall.
260 _aMadrid :
_b[s.n.],
_c1901
_f(Imp. de la Sucesora de M. Minuesa de los Ríos)
300 _aX, 234 páginas ;
_c21 cm.
530 _aDisponible en formato digital
655 7 _2tgfbne
_9176539
_aPoesías
700 1 _aPi y Margall, Francisco,
_d1824-1901
_991732
_eaui
852 _aES-MaACL
_cDEPOF
_jT-1015-F-4
856 _uhttp://bdh-rd.bne.es/viewer.vm?id=0000070724&page=1
_yVersión en línea
_z(Biblioteca Digital Hispánica)
942 _cMONOGRAFIA
_n0
999 _c63466
_d63466